Sports Quiz

Random Sports or Baseball Quiz

Toronto Blue Jays all-time hits leaders Quiz Stats

 Plays Quiz not verified by Sporcle

Support Sporcle.
Go Orange.
Score 0/120 Timer 10:00
0 Plays Today
Hits % Correct
1051Joe Carter
92%
1413Carlos Delgado
89.6%
832Roberto Alomar
88.4%
1583Tony Fernandez
87.6%
1529Vernon Wells
87.2%
1294George Bell
85.7%
239Jose Bautista
83.2%
910John Olerud
82.2%
792Aaron Hill
82%
100Glenallen Hill
81.9%
508Paul Molitor
81.6%
919Jesse Barfield
80.5%
733Devon White
79.9%
585Reed Johnson
79%
321Cliff Johnson
79%
800Kelly Gruber
73.6%
1319Lloyd Moseby
72.2%
718Shawn Green
71.2%
169Dave Winfield
69.6%
497Adam Lind
69.1%
888Ernie Whitt
68.9%
590Pat Borders
67.4%
540Fred McGriff
67.3%
798Alex Gonzalez
66.7%
85Alex Gonzalez
66.7%
118Edwin Encarnacion
64.7%
244Buck Martinez
63.9%
98Sandy Martinez
63.9%
1028Damaso Garcia
63.5%
77Carlos Garcia
63.4%
157Frank Thomas
60.6%
773Ed Sprague
60.5%
1082Shannon Stewart
58.9%
875Alexis Rios
58.9%
672Lyle Overbay
58.6%
547Manuel Lee
58.3%
138Jose Canseco
56.3%
843Rance Mulliniks
56%
326Tony Batista
54.8%
844Alfredo Griffin
53.7%
Hits % Correct
982Willie Upshaw
53%
237Troy Glaus
52.2%
417Gregg Zaun
51.7%
285Mookie Wilson
51.4%
215Scott Rolen
51.4%
134Tom Wilson
51.4%
640Jose Cruz
51.3%
633Garth Iorg
48.9%
584Eric Hinske
44.8%
461John Mayberry
44.6%
437Orlando Hudson
44%
490Darrin Fletcher
42.1%
316Raul Mondesi
41.8%
123Bengie Molina
40.5%
283John McDonald
38.1%
225Candy Maldonado
37.8%
218Russ Adams
37.8%
115John Buck
37.6%
266Greg Myers
36.4%
123Cecil Fielder
34.9%
394Otto Velez
34.3%
262Shea Hillenbrand
34.3%
162Doug Ault
32.5%
320Homer Bush
32.2%
156Travis Snider
32.2%
476Frank Catalanotto
32%
110Felipe Lopez
31.8%
300Marco Scutaro
31.7%
285Brad Fullmer
31.4%
184Rod Barajas
30.9%
247Otis Nixon
30.6%
123Tomas Perez
28.4%
91Robert Perez
28.4%
495Bob Bailor
27%
92Benito Santiago
26.7%
245Dave Collins
26.2%
112Fred Lewis
25.9%
258Josh Phelps
24.8%
257Nelson Liriano
24.6%
74Pat Tabler
24.2%
Hits % Correct
532Roy Howell
24.1%
146Danny Ainge
23.8%
72David Eckstein
23.8%
529Al Woods
23.4%
131Luis Gomez
22.9%
96Chris Gomez
22.9%
88Corey Koskie
22.8%
229Junior Felix
22.5%
183Matt Stairs
22.5%
264Chris Woodward
22.3%
195Rick Cerone
21.2%
422Barry Bonnell
19.9%
152Alan Ashby
19.6%
77Rob Ducey
19.1%
228Rico Carty
19%
98Orlando Merced
18%
359Rick Bosetti
17.8%
126Charlie O'Brien
17.7%
104Dick Schofield
17.7%
87Ken Huckaby
17.4%
144Domingo Cedeno
17%
128Ron Fairly
15.7%
82Mike Stanley
15.5%
88Randy Knorr
14.7%
65Alberto Castillo
13.8%
208Dave McKay
12.1%
94Mike Bordick
8.5%
189Craig Grebeck
8.3%
84Juan Samuel
8%
79Darnell Coles
8%
181Dave Berg
7.9%
216Rick Leach
7.7%
130Joe Inglett
7.6%
100Mike Huff
7.6%
75Doug Rader
7.6%
103Frank Menechino
7.2%
87Hosken Powell
7%
155Jacob Brumfield
5.7%
75Steve Staggs
4.1%
80Sam Ewing
4%

You're not logged in!

Compare scores with friends on all Sporcle quizzes.
OR
Log In

From the Vault

TV Shows Abroad (1980s)

by jar514

These shows are great in any language.
Remove Ads.
Support Sporcle.
Get the best of Sporcle when you Go Orange. This ad-free experience offers more features, more stats, and more fun while also helping to support Sporcle. Thank you for becoming a member.

Show Comments

Extras

Top Quizzes Today


Score Distribution

Your Account Isn't Verified!

In order to create a playlist on Sporcle, you need to verify the email address you used during registration. Go to your Sporcle Settings to finish the process.

Report this User

Report this user for behavior that violates our Community Guidelines.

Details: